LEADER 01091cam0-2200337---450- 001 990004047490403321 005 20130403131134.0 010 $a3-11-008426-0 035 $a000404749 035 $aFED01000404749 035 $a(Aleph)000404749FED01 035 $a000404749 100 $a19990604d1980----km-y0itay50------ba 101 0 $ager 102 $aDE 105 $a--------001yy 200 1 $aHeliand, Genesis und das Altenglische$edie altsächsische Stabreimdichtung im Spannungsfeld zwischen germanischer Oraltradition und altenglischer Bibelepik$fvon Roland Zanni 210 $aBerlin ; New York$cde Gruyter$d1980 215 $aX, 208 p.$d23 cm 225 1 $aQuellen und Fochungen zur Sprach-und Kulturgeschichte der germanischen Volker$v76 610 0 $aHeliand 610 0 $aGenesis 676 $a839.1 700 1$aZanni,$bRoland$0154846 801 0$aIT$bUNINA$gRICA$2UNIMARC 901 $aBK 912 $a990004047490403321 952 $a839.1 ZAN 1$bDip.f.m.4610$fFLFBC 959 $aFLFBC 996 $aHeliand, Genesis und das Altenglische$9468951 997 $aUNINA LEADER 00935nam2 2200229 i 450 001 SUN0047253 005 20090513120000.0 100 $a20060706d1970 |0engc50 ba 101 $aeng 102 $aUS 105 $a|||| ||||| 200 1 $aˆ12.1: ‰Text$fBrian A. Sparkes, Lucy Talcott 210 $aPrinceton$cThe American school of classical studies at Athens$d1970 215 $aXVIII, 382 p.$d31 cm. 461 1$1001SUN0047250$12001 $aˆ12: ‰Black and plain pottery of the 6., 5. and 4. centuries b.C.$fBrian A. Sparkes, Lucy Talcott. 700 1$aSparkes$b, Brian A.$3SUNV037568$0172766 701 1$aTalcott$b, Lucy$3SUNV037569$0182959 801 $aIT$bSOL$c20191104$gRICA 912 $aSUN0047253 950 $aUFFICIO DI BIBLIOTECA DEL DIPARTIMENTO DI LETTERE E BENI CULTURALI$d07CONS Ba Atene I / 12 $e07 311 20060706 996 $aText$91405649 997 $aUNICAMPANIA LEADER 04695oam 22012254 450 001 9910954670403321 005 20250426110035.0 010 $a9786613830715 010 $a9781462315512 010 $a1462315518 010 $a9781452766300 010 $a1452766304 010 $a9781283518260 010 $a1283518260 010 $a9781451908121 010 $a1451908121 035 $a(CKB)3360000000443995 035 $a(EBL)3014418 035 $a(SSID)ssj0000940827 035 $a(PQKBManifestationID)11547858 035 $a(PQKBTitleCode)TC0000940827 035 $a(PQKBWorkID)10955896 035 $a(PQKB)10329692 035 $a(OCoLC)712989267 035 $a(IMF)WPIEE2006016 035 $a(MiAaPQ)EBC3014418 035 $a(IMF)WPIEA2006016 035 $aWPIEA2006016 035 $a(EXLCZ)993360000000443995 100 $a20020129d2006 uf 0 101 0 $aeng 135 $aurcnu|||||||| 181 $ctxt 182 $cc 183 $acr 200 10$aFiscal Policy and Financial Markets /$fBernardin Akitoby, Thomas Stratmann 205 $a1st ed. 210 1$aWashington, D.C. :$cInternational Monetary Fund,$d2006. 215 $a1 online resource (26 p.) 225 1 $aIMF Working Papers 300 $a"January 2006." 311 08$a9781451862768 311 08$a1451862768 320 $aIncludes bibliographical references. 327 $a""Contents""; ""I. INTRODUCTION""; ""II. PREVIOUS LITERATURE""; ""III. ANALYTICAL FRAMEWORK""; ""IV. CONCLUSIONS AND POLICY IMPLICATIONS""; ""REFERENCES"" 330 3 $aThis paper introduces fiscal policy in a model of sovereign risk spreads ("spreads"). Using panel data from emerging market countries, we find that reductions in public expenditure are a more powerful tool for reducing spreads than increases in revenues. Specifically, cuts in current spending lower spreads by more than cuts in investment spending, and they also lower spreads by more than increases in revenue. We also show that debt-financed current spending increases sovereign risk by more than tax-financed current spending, suggesting that international investors have some preference for the latter. In line with the empirical literature on the determinants of spreads, we find that liquidity and solvency indicators, as well as macroeconomic fundamentals, are also important determinants of spreads. 410 0$aIMF Working Papers; Working Paper ;$vNo. 2006/016 606 $aFiscal policy$xEconometric models 606 $aCapital market 606 $aCurrent spending$2imf 606 $aDebt Management$2imf 606 $aDebt$2imf 606 $aDeflation$2imf 606 $aEconomic & financial crises & disasters$2imf 606 $aExpenditure$2imf 606 $aExpenditures, Public$2imf 606 $aFinancial Crises$2imf 606 $aFinancial crises$2imf 606 $aFinancial Risk Management$2imf 606 $aFiscal consolidation$2imf 606 $aFiscal Policies and Behavior of Economic Agents: Other$2imf 606 $aFiscal Policy$2imf 606 $aFiscal policy$2imf 606 $aInflation$2imf 606 $aInternational Financial Markets$2imf 606 $aMacroeconomics$2imf 606 $aNational Government Expenditures and Related Policies: General$2imf 606 $aPrice Level$2imf 606 $aPrices$2imf 606 $aPublic finance & taxation$2imf 606 $aPublic Finance$2imf 606 $aSovereign Debt$2imf 607 $aUnited States$2imf 615 0$aFiscal policy$xEconometric models. 615 0$aCapital market. 615 7$aCurrent spending 615 7$aDebt Management 615 7$aDebt 615 7$aDeflation 615 7$aEconomic & financial crises & disasters 615 7$aExpenditure 615 7$aExpenditures, Public 615 7$aFinancial Crises 615 7$aFinancial crises 615 7$aFinancial Risk Management 615 7$aFiscal consolidation 615 7$aFiscal Policies and Behavior of Economic Agents: Other 615 7$aFiscal Policy 615 7$aFiscal policy 615 7$aInflation 615 7$aInternational Financial Markets 615 7$aMacroeconomics 615 7$aNational Government Expenditures and Related Policies: General 615 7$aPrice Level 615 7$aPrices 615 7$aPublic finance & taxation 615 7$aPublic Finance 615 7$aSovereign Debt 700 $aAkitoby$b Bernardin$01799874 701 $aStratmann$b Thomas$01815789 801 0$bDcWaIMF 906 $aBOOK 912 $a9910954670403321 996 $aFiscal Policy and Financial Markets$94371307 997 $aUNINA